A history of American Baptist missions in Asia, Africa, Europe and North America /

Bibliographic Details
Main Author: Gammell, William, 1812-1889
Format: Book
Language:English
Published: Boston : Gould, Kendall and Lincoln, 1849.
Subjects:

MARC

Tag First Indicator Second Indicator Subfields
LEADER 00000cam a2200000 4500
001 in00000039533
005 20151007081811.0
008 721107s1849 eng u
010 |a  36023970  
035 |a (OCoLC)00487865 
035 |9 AAF6930AM 
040 |c YNG  |d TXA  |d UtOrBLW 
049 |a TXAM  |c [242446] 
090 |a BV2520  |b .G35 1849 
092 |a 286  |b G193h 
100 1 |a Gammell, William,  |d 1812-1889. 
245 1 2 |a A history of American Baptist missions in Asia, Africa, Europe and North America /  |c by William Gammell. 
264 1 |a Boston :  |b Gould, Kendall and Lincoln,  |c 1849. 
300 |a xii, 359 pages :  |b maps ;  |c 20 cm. 
336 |a text  |b txt  |2 rdacontent 
337 |a unmediated  |b n  |2 rdamedia 
338 |a volume  |b nc  |2 rdacarrier 
650 0 |a Baptists  |x Missions. 
650 0 |a Missions. 
999 |a MARS 
999 f f |s f9e6b32c-2c47-3b0e-9fc5-17251cf91583  |i 649b0435-241d-3e5f-8e4f-fcb824432d62  |t 0 
952 f f |p noncirc  |a Texas A&M University  |b College Station  |c Cushing Memorial Library & Archives  |d Cushing: Kelsey Americana (Does not check out)  |t 0  |e BV2520 .G35 1849  |h Library of Congress classification  |i unmediated -- volume  |m A14851968660 
952 f f |p ric  |a Texas A&M University  |b Rellis Campus  |c Joint Library Facility  |d Remote Storage  |t 0  |e BV2520 .G35 1849  |h Library of Congress classification  |i unmediated -- volume  |m A14800624916 
998 f f |a BV2520 .G35 1849  |t 0  |l Remote Storage 
998 f f |a BV2520 .G35 1849  |t 0  |l Cushing: Kelsey Americana (Does not check out)